Super Smash Bros. Fighters #11 - The Captain Falcon Quiz - Statistics

General Stats
  • This quiz has been taken 160 times
  • The average score is 8 of 15
Answer Stats
Hint Answer % Correct
What high-speed racing series is Captain Falcon from? F-Zero
99%
Say it with me now… FALCON… {PUNCH}!
93%
What console was the first game in the series a launch-title for? SNES
87%
What century does this series take place in? The {26}th Century
86%
Who in Smash Bros. has a move set based on Captain Falcon’s? Ganondorf
84%
When was F-Zero Climax, the most recent F-Zero game, released? October 21, 2004
81%
What is the name of Captain Falcon’s racing machine? Blue Falcon
78%
Who is a clone of Captain Falcon, created with his DNA? Blood Falcon
55%
SilentSpectre, a Captain Falcon player, performed this famous Smash combo: Wombo Combo
44%
What is Captain Falcon’s current job? Bounty Hunter
38%
What is Captain Falcon’s hometown? Port Town
24%
Large spacecraft used for carrying the above and fighting dragons. Falcon Flyer
14%
Captain Falcon may have received his “Captain” title from what previous job of his? Internova Police Force
12%
What is Captain Falcon’s real name in the anime F-Zero: GP Legend? Andy Summer
11%
Who, alongside Captain Falcon, is the protagonist of the F-Zero: GP Legend anime? Rick Wheeler
7%
No matching quizzes found
Score Distribution
Percent of People with Each Score
Percentile by Number Answered
Your Score History
You have not taken this quiz